Krīstu caritra. (Record no. 69027)

MARC details
000 -LEADER
fixed length control field 00585cam a22002291 4500
001 - CONTROL NUMBER
control field sa 66003643
003 - CONTROL NUMBER IDENTIFIER
control field DLC
005 - DATE AND TIME OF LATEST TRANSACTION
control field 20260227112237.0
008 - FIXED-LENGTH DATA ELEMENTS--GENERAL INFORMATION
fixed length control field 940922s1963 ii 000 0 telo
010 ## - LIBRARY OF CONGRESS CONTROL NUMBER
LC control number sa 66003643
025 ## - OVERSEAS ACQUISITION NUMBER
Overseas acquisition number PL480:I-Te-1130
035 ## - SYSTEM CONTROL NUMBER
System control number (OCoLC)31160507
040 ## - CATALOGING SOURCE
Original cataloging agency DLC
Transcribing agency CU
Modifying agency CU
-- DLC
042 ## - AUTHENTICATION CODE
Authentication code premarc
050 00 - LIBRARY OF CONGRESS CALL NUMBER
Classification number PL4780.9.J6
Item number K7
100 1# - MAIN ENTRY--PERSONAL NAME
Personal name Joshua, Gurram,
Dates associated with a name 1895-1971.
245 10 - TITLE STATEMENT
Title Krīstu caritra.
260 ## - PUBLICATION, DISTRIBUTION, ETC.
Place of publication, distribution, etc. [Madras?]
Name of publisher, distributor, etc. I.S.P.C.K.
Date of publication, distribution, etc. [1963]
300 ## - PHYSICAL DESCRIPTION
Extent viii, 125 p.
Dimensions 19 cm.
500 ## - GENERAL NOTE
General note In Telugu.
600 00 - SUBJECT ADDED ENTRY--PERSONAL NAME
Personal name Jesus Christ
Form subdivision Poetry.

No items available.

Powered by Koha